Pokémon World Lyrics - Statistics

General Stats
  • This quiz has been taken 18 times
  • The average score is 12 of 21
Answer Stats
Lyrics Lyrics % Correct
So you wanna be the Master of _______! Pokémon
100%
So you wanna be the Master of _______! Pokémon
100%
Do you have the skills to be ______ ___!? Number one
73%
Do you have the skills to be ______ ___!? Number one
73%
I wanna be the greatest Master of ____ ___! (Greatest Master) Them all
67%
I wanna be the greatest Master of ____ ___! (Greatest Master) Them all
67%
We all live in a _______ _____ (Po-ké-mon) Pokémon world
60%
We all live in a _______ _____ (Po-ké-mon) Pokémon World
60%
We all live in a _______ _____ (Po-ké-mon) Pokémon World
60%
To be better than ___ ___ ____ Ungh! All the rest
53%
Put myself to ___ ____ The test
53%
Find the courage to __ ____ (Pokémon) Be bold
47%
Learn the way to take _______ Command
47%
I wanna go where __ ___'_ ____ No one's been
47%
To risk it all and ___ ______ Not forget
47%
The lessons ____ _ ____ That I hold
47%
Far beyond ___ _____ (Pokémon) Yeah! The crowd
47%
Use the power that's __ __ ____ In my hand
40%
I wanna take the ________ ____ Ultimate step
33%
Oh ___! Hey
27%
Got the power right in ____ _____ Po-ké-mon! Your hands
7%
No matching quizzes found
Score Distribution
Percent of People with Each Score
Percentile by Number Answered
Your Score History
You have not taken this quiz